00761cam a2200205 a 450000100100000000500170001000800410002702000150006804000230008308200200010610000410012624500480016726000750021530000210029065000350031165000370034691000340038395201230041799900150054000000790920200929154339.0880419s1986 pr 000 0 spa  a0865813965 aDO-SdBNPcDLCdDLC aPR863.44bV856m1 aVivas Maldonado, José Luis.92169210aMis cuentos /cJosé Luis Vivas Maldonado. aSan Juan, Puerto Rico :bInstituto de Cultura Puertorriqueña,c1986. a263 p. ;c23 cm. 4aCuento puertorriqueño914127 4aLiteratura puertorriqueña9250 aCatalogación por copia / LC 001052708MOaGRbGRcCTd2009-09-11iLF1l0oPR863.44 V856mp7909-10r2020-06-25w2020-06-25y2ZPréstamo interno c7687d7687